000 00395nam a22001457a 4500
999 _c7671
_d7669
005 20210319110933.0
008 210319b ||||| |||| 00| 0 eng d
082 _a346.066
100 _aAIYAR, A.N.
_96466
245 _aCOMPANY CASES THE CORPORATE LAW WEEKLY [VOL-154]
260 _aCHENNAI
_bCOMPANY LAW INSTITUTE OF INDIA
_c2010
300 _ai-xxvi;752,p
650 _aLAW
_95701
942 _cJRL